[Event "Topusko op 5th"]
[Site "Topusko"]
[Date "2016.08.11"]
[Round "7"]
[White "Burzic, Suvad"]
[Black "Klasan, Elvis"]
[Result "1-0"]
[WhiteElo "2000"]
[BlackElo "1977"]
[PlyCount "111"]
[EventDate "2016.08.06"]
[EventType "swiss"]
[EventRounds "9"]
[EventCountry "CRO"]
[SourceTitle "CBM 173 Extra"]
[Source "ChessBase"]
[SourceDate "2016.08.29"]
[SourceVersion "1"]
[SourceVersionDate "2016.08.29"]
[SourceQuality "1"]

1. d4 d5 2. Bf4 Nf6 3. f3 c6 4. Nd2 Nh5 5. Bg5 h6 6. Bh4 g5 7. Bf2 Bg7 8. e3 Nf6 9. Bd3 b5 10. c3 a5 11. Ne2 Nbd7 12. Ng3 Nf8 13. e4 Ng6 14. e5 Nf4 15. Bf1 N6h5 16. Qc2 0-0 17. Nf5 Bxf5 18. Qxf5 e6 19. Qc2 Ng6 20. g3 f5 21. Be2 Bh8 22. f4 Ng7 23. fxg5 hxg5 24. Nf3 g4 25. Nd2 Qg5 26. Bd3 Nh5 27. 0-0-0 a4 28. Kb1 Ra7 29. h3 Rh7 30. Nf1 gxh3 31. Be3 Qe7 32. Rxh3 Ng7 33. Rxh7 Kxh7 34. Qh2+ Kg8 35. Qh6 Qf7 36. Nd2 Ne8 37. Rh1 Qg7 38. Qh5 b4 39. Bh6 Qh7 40. Bxf8 Qxh5 41. Rxh5 Kxf8 42. Nf3 bxc3 43. bxc3 Bg7 44. Kb2 c5 45. Bc2 cxd4 46. cxd4 Kg8 47. Ka3 Bf8+ 48. Kxa4 Nc7 49. Ng5 Ne7 50. Bd3 Nc6 51. Nf3 Kg7 52. g4 Kg6 53. Rg5+ Kh6 54. Rg8 Bg7 55. gxf5 Ne7 56. Rxg7 1-0